[Event "65.Camp. Veneto Quarti di Finale"]
[Site "Arquà Petrarca ITA"]
[Date "2005.05.08"]
[Round "3.10"]
[White "De Napoli, Giuseppe"]
[Black "Pezzolato, Michele"]
[Result "1/2-1/2"]
[WhiteElo "2062"]
[BlackElo "1775"]
[Annotator "Gabriele Ballarin"]
[PlyCount "145"]
[EventDate "2005.05.07"]
[EventType "swiss"]
[EventRounds "6"]
[EventCountry "ITA"]

1. d4 Nf6 2. c4 g6 3. Nc3 Bg7 4. e4 O-O 5. e5 Ne8 6. f4 d6 7. Nf3 dxe5 8. fxe5 f6 9. exf6 Nxf6 10. Be2 b6 11. O-O Bb7 12. Ng5 Qd7 13. c5 Na6 14. Bc4+ Nd5 15. Rxf8+ Rxf8 16. Nxd5 Bxd5 17. Bxa6 h6 18. Nf3 Bxf3 19. gxf3 Bxd4+ 20. Kg2 g5 21. Bc4+ e6 22. Qd3 Rf6 23. Be3 bxc5 24. Rd1 Qc6 25. Bxd4 cxd4 26. Rc1 g4 27. Rf1 gxf3+ 28. Kf2 Qd6 29. Rg1+ Kf8 30. Rg3 c5 31. Qh7 Rf7 32. Qxh6+ Ke7 33. Qh4+ Kd7 34. Rg8 Kc7 35. Qh8 d3 36. Rc8+ Kb6 37. Rb8+ Rb7 38. Qd8+ Qxd8 39. Rxd8 Kc7 40. Rxd3 Rxb2+ 41. Kg3 Rg2+ 42. Kh3 Rc2 43. Bb3 f2 44. Rd1 Rc3+ 45. Kg2 c4 46. Ba4 Ra3 47. Bc2 Rxa2 48. Rd2 f1=Q+ 49. Kxf1 Ra1+ 50. Kg2 c3 51. Rd3 a5 52. Rxc3+ Kd6 53. Rc4 Ra2 54. Kg3 a4 55. Bxa4 Ke7 56. h4 Kf6 57. Bc6 Ra5 58. Bf3 Ra7 59. Bg4 Ra3+ 60. Bf3 Ra7 61. h5 Rh7 62. Rc6 Rh6 63. Kf4 Rh8 64. Bg4 Rh6 65. Rxe6+ Kg7 66. Rxh6 Kxh6 67. Kf5 Kg7 68. Kg5 Kh7 69. Bf5+ Kg7 70. Bd3 Kh8 71. Bc4 Kg7 72. h6+ Kh8 73. Bd3 1/2-1/2

[Event "65.Camp. Veneto Quarti di Finale"]
[Site "Arquà Petrarca ITA"]
[Date "2005.05.08"]
[Round "3.11"]
[White "Giuriato, Sergio"]
[Black "Zanirato, Stefano"]
[Result "0-1"]
[WhiteElo "2002"]
[BlackElo "1738"]
[Annotator "Gabriele Ballarin"]
[PlyCount "102"]
[EventDate "2005.05.07"]
[EventType "swiss"]
[EventRounds "6"]
[EventCountry "ITA"]

1. d4 d5 2. g3 Bf5 3. Bg2 e6 4. Nf3 Be7 5. c4 c6 6. Nc3 Nd7 7. O-O Ngf6 8. cxd5 exd5 9. Nh4 Be6 10. f4 Nb6 11. Nf3 Qc8 12. Ne5 Bf5 13. Bd2 Ne4 14. Nxe4 Bxe4 15. Qb3 Bxg2 16. Kxg2 Qf5 17. Qf3 h5 18. a4 f6 19. Qd3 Qxd3 20. Nxd3 Nc4 21. Bc1 b6 22. b3 Nd6 23. Ba3 Nf5 24. Rfc1 Nxd4 25. Rc3 Bxa3 26. Rxa3 c5 27. e3 Nf5 28. Nf2 Kf7 29. Rd3 Rhe8 30. Kf3 Rad8 31. Ra2 g5 32. Rad2 g4+ 33. Ke2 d4 34. Nd1 h4 35. gxh4 Nxh4 36. Kf1 Nf3 37. Re2 dxe3 38. Rxd8 Rxd8 39. Nxe3 Nd2+ 40. Kf2 Nxb3 41. Kg3 Nd4 42. Re1 f5 43. Nc4 Rh8 44. Re5 Rh6 45. Rd5 Ne2+ 46. Kf2 Rxh2+ 47. Kf1 Nd4 48. Rd7+ Ke6 49. Rxa7 g3 50. Rg7 Rf2+ 51. Kg1 Nf3+ 0-1

[Event "65.Camp. Veneto Quarti di Finale"]
[Site "Arquà Petrarca ITA"]
[Date "2005.05.08"]
[Round "3.12"]
[White "Morganti, Lionello"]
[Black "Belloni, Umberto"]
[Result "0-1"]
[WhiteElo "1667"]
[BlackElo "1950"]
[Annotator "Gabriele Ballarin"]
[PlyCount "82"]
[EventDate "2005.05.07"]
[EventType "swiss"]
[EventRounds "6"]
[EventCountry "ITA"]

1. e4 e6 2. d4 d5 3. Nd2 dxe4 4. Nxe4 Nf6 5. Bg5 Be7 6. Nxf6+ Bxf6 7. Bxf6 gxf6 8. Nf3 b6 9. Bb5+ Bd7 10. Bxd7+ Qxd7 11. O-O Nc6 12. c3 Ne7 13. Nd2 f5 14. Nc4 Ng6 15. Qf3 O-O 16. Rab1 Kh8 17. Ne5 Nxe5 18. dxe5 Rad8 19. Qe3 Qd2 20. Qg3 Qh6 21. Rfd1 Rg8 22. Rxd8 Rxd8 23. f4 Qh5 24. Qe1 {=} Qg4 25. g3 Qf3 26. Rc1 Kg7 27. Rb1 Qd3 28. Qf1 Qc2 29. Qc1 Qxc1+ 30. Rxc1 Rd2 31. Rb1 h5 32. a4 f6 33. exf6+ Kxf6 34. a5 b5 35. b4 Rc2 36. Rb3 a6 37. h3 e5 38. fxe5+ Kxe5 39. Rb1 Rxc3 40. Re1+ Kf6 41. Kg2 Rc4 0-1

[Event "65.Camp. Veneto Quarti di Finale"]
[Site "Arquà Petrarca ITA"]
[Date "2005.05.08"]
[Round "3.13"]
[White "Zangrando, Gianpietro"]
[Black "Battiston, Gianfranco"]
[Result "0-1"]
[WhiteElo "1897"]
[BlackElo "1664"]
[Annotator "Gabriele Ballarin"]
[PlyCount "79"]
[EventDate "2005.05.07"]
[EventType "swiss"]
[EventRounds "6"]
[EventCountry "ITA"]

1. Nf3 Nf6 2. d4 d5 3. c3 Nc6 4. Bf4 e6 5. Nbd2 Be7 6. Qc2 Bd7 7. e3 a6 8. Bd3 b5 9. a3 h6 10. O-O Nh5 11. Bg3 O-O 12. e4 f5 13. exf5 exf5 14. Be5 Nxe5 15. Nxe5 Nf4 16. Rae1 Bd6 17. Ndf3 Nxd3 18. Qxd3 f4 19. Nxd7 Qxd7 20. Ne5 Bxe5 21. Rxe5 Qg4 22. f3 Qd7 23. Rfe1 Rae8 24. Qg6 Rxe5 25. Rxe5 Rf6 26. Re8+ Rf8 27. Re6 a5 28. Kf2 a4 29. h3 Qd8 30. Qh5 Qd7 31. Qe5 Rf7 32. Re8+ Kh7 33. Re6 Qd8 34. Qh5 Qd7 35. Qg6+ Kg8 36. Re5 Re7 37. Re1 Rf7 38. Qh5 c6 39. Qg6 Re7 40. Re5 {Nur} 0-1

[Event "65.Camp. Veneto Quarti di Finale"]
[Site "Arquà Petrarca ITA"]
[Date "2005.05.08"]
[Round "3.14"]
[White "Pomaro, Alberto"]
[Black "Biserni, Federica"]
[Result "1-0"]
[WhiteElo "1880"]
[BlackElo "1422"]
[Annotator "Gabriele Ballarin"]
[PlyCount "77"]
[EventDate "2005.05.07"]
[EventType "swiss"]
[EventRounds "6"]
[EventCountry "ITA"]

1. d4 d5 2. c4 dxc4 3. Nc3 Nf6 4. Bg5 c6 5. a4 Nbd7 6. e3 e6 7. Bxc4 Nb6 8. Bd3 Bb4 9. Qc2 Nbd5 10. Nf3 h6 11. Bxf6 Qxf6 12. O-O Nxc3 13. bxc3 Bd6 14. c4 c5 15. d5 Be5 16. Nxe5 Qxe5 17. Be4 Rb8 18. Rab1 b6 19. dxe6 Bxe6 20. Bc6+ Ke7 21. e4 Rhd8 22. Bd5 Rd6 23. Kh1 g5 24. Qd2 f6 25. f4 gxf4 26. Rxf4 Bf7 27. Rf5 Qd4 28. Qxh6 Bxd5 29. exd5 Qe4 30. Rbf1 Rf8 31. R5f4 Qe5 32. Qh4 Kd7 33. Qh7+ Kc8 34. Re4 Rd7 35. Qxd7+ Kxd7 36. Rxe5 fxe5 37. Rxf8 e4 38. Kg1 Ke7 39. Ra8 1-0

[Event "65.Camp. Veneto Quarti di Finale"]
[Site "Arquà Petrarca ITA"]
[Date "2005.05.08"]
[Round "3.15"]
[White "Cedriano, Filippo"]
[Black "Carlassara, Renato"]
[Result "0-1"]
[WhiteElo "2043"]
[BlackElo "1748"]
[Annotator "Gabriele Ballarin"]
[PlyCount "80"]
[EventDate "2005.05.07"]
[EventType "swiss"]
[EventRounds "6"]
[EventCountry "ITA"]

1. Nf3 Nf6 2. c4 d5 3. g3 e6 4. Bg2 c5 5. cxd5 exd5 6. d4 Nc6 7. O-O Be7 8. dxc5 Bxc5 9. Qc2 Qb6 10. e3 Nb4 11. Qb3 Bf5 12. Na3 Ne4 13. Rd1 a5 14. Rxd5 Nxd5 15. Qxd5 Qe6 16. Qxb7 O-O 17. Nh4 Rad8 18. h3 Rd1+ 19. Kh2 Nxf2 20. Qf3 Ng4+ 21. hxg4 Bxg4 22. Qf4 Bd6 23. Qe4 Re8 24. Qxe6 Rxe6 25. Bh3 Bxh3 26. Kxh3 Rh6 27. e4 Rh5 28. Kg4 Rc5 29. Nf5 Bf8 30. Nxg7 Rcxc1 31. Rxc1 Rxc1 32. Nf5 Bxa3 33. bxa3 Rc3 34. Kf4 Rxa3 35. Ke5 Rxa2 36. Kd4 Rb2 37. Kc3 Re2 38. Kd3 Re1 39. Ne7+ Kf8 40. Nc6 a4 0-1

[Event "65.Camp. Veneto Quarti di Finale"]
[Site "Arquà Petrarca ITA"]
[Date "2005.05.08"]
[Round "3.16"]
[White "Franco, Leopoldo"]
[Black "Demiraj, Rumi"]
[Result "0-1"]
[WhiteElo "1468"]
[BlackElo "1901"]
[Annotator "Gabriele Ballarin"]
[PlyCount "71"]
[EventDate "2005.05.07"]
[EventType "swiss"]
[EventRounds "6"]
[EventCountry "ITA"]

1. d4 c5 2. Nf3 cxd4 3. Qxd4 Nc6 4. Qd1 e5 5. e3 d5 6. c3 f5 7. Be2 Nf6 8. O-O Bd6 9. g3 O-O 10. Ne1 e4 11. f3 g5 12. fxe4 dxe4 13. Ng2 Qc7 14. Qe1 h5 15. b3 h4 16. Ba3 hxg3 17. Bxd6 Qxd6 18. Qxg3 Qxg3 19. hxg3 Kg7 20. Na3 Be6 21. Nb5 Rad8 22. Rad1 Nd5 23. c4 Nde7 24. Nd4 Bc8 25. a3 a6 26. Ne1 Nxd4 27. exd4 f4 28. gxf4 gxf4 29. c5 Nd5 30. Nc2 Rf6 31. Rf2 f3 32. Bc4 e3 33. Bxd5 exf2+ 34. Kxf2 Rxd5 35. Rg1+ Kh7 36. Rh1+ {Nur} 0-1

[Event "65.Camp. Veneto Quarti di Finale"]
[Site "Arquà Petrarca ITA"]
[Date "2005.05.08"]
[Round "3.17"]
[White "Marson, Luca"]
[Black "Chiesa, Roberto"]
[Result "1-0"]
[WhiteElo "1987"]
[BlackElo "1685"]
[Annotator "Gabriele Ballarin"]
[PlyCount "95"]
[EventDate "2005.05.07"]
[EventType "swiss"]
[EventRounds "6"]
[EventCountry "ITA"]

1. e4 e6 2. d4 d5 3. e5 c5 4. Qg4 cxd4 5. Nf3 Nc6 6. Bd3 Nge7 7. O-O Ng6 8. Re1 Qc7 9. Qg3 Bd7 10. h4 O-O-O 11. h5 Nge7 12. c3 dxc3 13. Nxc3 a6 14. a3 g6 15. Bg5 gxh5 16. b4 h6 17. Bf6 Rg8 18. Qh4 Ng6 19. Bxg6 Rxg6 20. Bxd8 Qxd8 21. Qxh5 Na7 22. Rac1 Bc6 23. Ne2 Qe8 24. Ned4 (24. Nf4 Rg8 25. Nd4) 24... f6 25. Qh3 (25. Kh1 Kd7 26. exf6 Rxf6 27. Ne5+ Kd8 28. Nexc6+ Nxc6 29. Nxe6+ Rxe6 30. Qxd5+ Rd6 31. Rxe8+ Kxe8 32. Re1+ Kd8 33. Qg8) 25... f5 26. Nh2 Be7 27. Rc3 Bg5 28. Rg3 Kb8 29. Nhf3 Bd7 30. Qh5 Qg8 31. Nxg5 hxg5 32. Rh3 Nc8 33. Qh7 Nb6 34. Rc1 (34. Qe7 Rg7 35. Qd6+ Ka7 36. b5 axb5 37. Qc5 Qc8 38. Qb4 Nc4 39. Rh6) 34... Qe8 35. Qh8 Rg8 36. Qf6 Nc4 37. Rh7 g4 38. a4 (38. Re7 Qc8 39. Nxe6 Bxe6 40. Rxe6 Rf8 41. Qg6) 38... Rf8 (38... Rg6 39. Rh8 Rxf6 40. Rxe8+ Bxe8 41. exf6 Bf7 42. Re1) 39. Qg7 Kc8 40. b5 (40. Nxf5 Rxf5 41. Rh8 Bxa4 42. Rxe8+ Bxe8 43. Qxg4) 40... Rg8 41. Qe7 Qxe7 42. Rxe7 Kd8 43. Rh7 Nxe5 44. bxa6 bxa6 45. Rb1 Bc8 46. Rb8 Re8 47. Ra7 (47. Rhb7) 47... Nd7 (47... f4 48. Rxa6 Ke7 49. Rxc8 Rxc8 50. Rxe6+ Kd7 51. Rxe5) 48. Nc6# 1-0

[Event "65.Camp. Veneto Quarti di Finale"]
[Site "Arquà Petrarca ITA"]
[Date "2005.05.08"]
[Round "3.18"]
[White "Rosina, Graziano"]
[Black "Roberti, Ignazio"]
[Result "1/2-1/2"]
[WhiteElo "1476"]
[BlackElo "1954"]
[Annotator "Gabriele Ballarin"]
[PlyCount "86"]
[EventDate "2005.05.07"]
[EventType "swiss"]
[EventRounds "6"]
[EventCountry "ITA"]

1. e4 c5 2. Nf3 Nc6 3. d4 cxd4 4. c3 Nf6 5. e5 Nd5 6. cxd4 e6 7. a3 d6 8. Bd3 Qb6 9. O-O dxe5 10. dxe5 Be7 11. Qc2 Bd7 12. Nc3 Nxc3 13. Qxc3 Rc8 14. Qd2 a5 15. Qe2 Nd4 16. Nxd4 Qxd4 17. Rd1 Qh4 18. Bb5 Bc6 19. Bxc6+ Rxc6 20. Qb5 O-O 21. Be3 f5 22. g3 Qe4 23. Rd7 Re8 24. Qxb7 Bf8 25. Rad1 Rec8 26. Bf4 h5 27. h4 a4 28. Qa7 Rc2 29. Qb6 Qc4 30. R7d4 Qa2 31. R4d2 R2c6 32. Qb5 Rc2 33. Rxc2 Rxc2 34. Qxa4 Rxb2 35. Be3 Bxa3 36. Qe8+ Bf8 37. Qxh5 Rb1 38. Kh2 Rb8 39. Rd7 Qc4 40. Qg6 Qc6 41. Qf7+ Kh7 42. Qh5+ Kg8 43. Qf7+ Kh7 1/2-1/2

[Event "65.Camp. Veneto Quarti di Finale"]
[Site "Arquà Petrarca ITA"]
[Date "2005.05.08"]
[Round "3.19"]
[White "Canazza, Alessandro"]
[Black "Guclu, Yaman"]
[Result "0-1"]
[WhiteElo "1733"]
[BlackElo "2023"]
[Annotator "Gabriele Ballarin"]
[PlyCount "112"]
[EventDate "2005.05.07"]
[EventType "swiss"]
[EventRounds "6"]
[EventCountry "ITA"]

1. g3 d5 2. Bg2 e5 3. d3 c6 4. Nf3 Bd6 5. O-O Ne7 6. Nc3 O-O 7. e4 f6 8. Nh4 d4 9. Ne2 g5 10. Nf3 Be6 11. c3 c5 12. Bd2 Nbc6 13. cxd4 cxd4 14. Qb1 a5 15. h4 gxh4 16. Nxh4 Kh8 17. Kh2 Qd7 18. Ng1 f5 19. a3 a4 20. Qe1 f4 21. gxf4 exf4 22. Nhf3 Ne5 23. Nxe5 Bxe5 24. Nf3 Nc6 25. Rc1 Qg7 26. Rh1 Rg8 27. Qf1 Raf8 28. Bh3 Bg4 29. Bxg4 Qxg4 30. Qh3 Rf6 31. Qxg4 Rxg4 32. Kh3 Rg8 33. Nh4 Rh6 34. Rcg1 Ne7 35. Rxg8+ Kxg8 36. Kg2 Kf7 37. Nf3 Rxh1 38. Kxh1 Kf6 39. Kg2 h5 40. Kh3 Ng6 41. Bb4 b6 42. Bd2 Ke6 43. Bb4 Bf6 44. Kg2 Be5 45. Kh3 Bf6 46. Ng1 Ne5 47. Ne2 Nxd3 48. f3 Be5 49. Bd2 Nxb2 50. Nxf4+ Bxf4 51. Bxf4 Nc4 52. Kh4 d3 53. Kxh5 d2 54. Bxd2 Nxd2 55. Kg4 b5 56. Kf4 b4 0-1

[Event "65.Camp. Veneto Quarti di Finale"]
[Site "Arquà Petrarca ITA"]
[Date "2005.05.08"]
[Round "3.20"]
[White "Ferrari, Mario"]
[Black "Lavric, Mihail"]
[Result "1/2-1/2"]
[WhiteElo "1735"]
[BlackElo "2046"]
[Annotator "Gabriele Ballarin"]
[PlyCount "84"]
[EventDate "2005.05.07"]
[EventType "swiss"]
[EventRounds "6"]
[EventCountry "ITA"]

1. e4 c5 2. Nf3 Nc6 3. Bb5 g6 4. Nc3 Bg7 5. d3 Nf6 6. Bxc6 bxc6 7. h3 O-O 8. Be3 d6 9. Qd2 Rb8 10. Rb1 Qa5 11. O-O Be6 12. b3 Nd7 13. Nd5 Qd8 14. Nf4 Ne5 15. Nxe5 Bxe5 16. Nxe6 fxe6 17. Bh6 Rf7 18. f4 Bd4+ 19. Kh1 Qc8 20. c3 Bg7 21. Bxg7 Kxg7 22. Qe3 Qd7 23. Rbd1 Rbf8 24. Kg1 Kg8 25. Rd2 e5 26. Rdf2 exf4 27. Rxf4 Rxf4 28. Rxf4 Rxf4 29. Qxf4 Qe6 30. Kf2 Kg7 31. g4 Qf6 32. Qxf6+ Kxf6 33. h4 h6 34. Kf3 g5 35. h5 e5 36. Ke3 Ke6 37. Kd2 d5 38. c4 d4 39. Kc2 Kd6 40. Kb2 Kc7 41. Ka3 Kb6 42. Ka4 a6 1/2-1/2

[Event "65.Camp. Veneto Quarti di Finale"]
[Site "Arquà Petrarca ITA"]
[Date "2005.05.08"]
[Round "3.21"]
[White "Abazi, Rhui"]
[Black "Forato, Enrico"]
[Result "0-1"]
[WhiteElo "1706"]
[BlackElo "1971"]
[Annotator "Gabriele Ballarin"]
[PlyCount "56"]
[EventDate "2005.05.07"]
[EventType "swiss"]
[EventRounds "6"]
[EventCountry "ITA"]

1. e4 c5 2. Bc4 e6 3. Nc3 a6 4. a3 Nc6 5. Nf3 d6 6. O-O Nf6 7. d3 Be7 8. Qe2 Qc7 9. Be3 O-O 10. Nd2 Rd8 11. f4 d5 12. exd5 exd5 13. Nxd5 Nxd5 14. Rae1 b5 15. Ba2 Bb7 16. Qh5 g6 17. Qg4 c4 18. dxc4 Nxe3 19. Rxe3 Bc5 20. Qe2 Qb6 21. Ne4 Nd4 22. Qg4 Nf5 23. Ng5 Nxe3 24. Qh3 Nxg2+ 25. Kh1 Nxf4+ 26. Rf3 Bxf3+ 27. Qxf3 Qc6 28. Qxc6 Rd1# 0-1

[Event "65.Camp. Veneto Quarti di Finale"]
[Site "Arquà Petrarca ITA"]
[Date "2005.05.08"]
[Round "3.22"]
[White "Mileto, Gabriele"]
[Black "Pomaro, Stefano"]
[Result "1-0"]
[WhiteElo "2198"]
[BlackElo "1756"]
[Annotator "Gabriele Ballarin"]
[PlyCount "91"]
[EventDate "2005.05.07"]
[EventType "swiss"]
[EventRounds "6"]
[EventCountry "ITA"]

1. Nf3 f5 2. d3 Nf6 3. e4 d6 4. Nc3 e5 5. exf5 Bxf5 6. d4 e4 7. Qe2 c6 8. Nh4 Qd7 9. Bg5 Kd8 10. Nxe4 Be7 11. Nxf6 Bxf6 12. Bxf6+ gxf6 13. Nxf5 Qxf5 14. O-O-O Re8 15. Qd2 Nd7 16. Bd3 Qd5 17. Kb1 Qxd4 18. Bxh7 Qxd2 19. Rxd2 Kc7 20. Kc1 Re7 21. Bd3 Rg8 22. g3 Ne5 23. Be2 f5 24. f4 Ng4 25. Bxg4 Rxg4 26. Kd1 d5 27. Re1 Re4 28. Rxe4 fxe4 29. Ke2 Kd6 30. Ke3 Rg7 31. c4 Ke6 32. cxd5+ cxd5 33. Rc2 Kd6 34. Rc8 Rh7 35. Rc2 Rg7 36. Kd4 b6 37. b4 Re7 38. b5 Rc7 39. Rxc7 Kxc7 40. f5 Kd6 41. g4 Ke7 42. g5 Kf7 43. h4 Kg7 44. h5 Kh7 45. f6 Kg8 46. h6 1-0

[Event "65.Camp. Veneto Quarti di Finale"]
[Site "Arquà Petrarca ITA"]
[Date "2005.05.08"]
[Round "3.23"]
[White "Bozzao, Francesco"]
[Black "Fabrello, Alessandro"]
[Result "1-0"]
[WhiteElo "1715"]
[BlackElo "1500"]
[Annotator "Gabriele Ballarin"]
[PlyCount "53"]
[EventDate "2005.05.07"]
[EventType "swiss"]
[EventRounds "6"]
[EventCountry "ITA"]

1. d4 d5 2. c4 e6 3. Nf3 Nf6 4. Bg5 Be7 5. Nc3 Nbd7 6. e3 O-O 7. Rc1 c6 8. Bd3 Re8 9. O-O Nf8 10. Qe2 dxc4 11. Bxc4 Nd5 12. Bxe7 Qxe7 13. a3 Bd7 14. Ne4 Rad8 15. Nc5 Bc8 16. e4 Nb6 17. Ba2 e5 18. Nxe5 Rxd4 19. Nxf7 Be6 20. Nxe6 Nxe6 21. Qe3 Ra4 22. Ng5 Kh8 23. Nxe6 Qh4 24. b4 Nd7 25. f3 Qf6 26. Qb3 Nb6 27. Nc5 1-0

[Event "65.Camp. Veneto Quarti di Finale"]
[Site "Arquà Petrarca ITA"]
[Date "2005.05.08"]
[Round "3.24"]
[White "De Zordi, Fabio"]
[Black "De Nardi, Riccardo"]
[Result "1-0"]
[WhiteElo "1733"]
[BlackElo "1660"]
[Annotator "Gabriele Ballarin"]
[PlyCount "87"]
[EventDate "2005.05.07"]
[EventType "swiss"]
[EventRounds "6"]
[EventCountry "ITA"]

1. Nf3 Nf6 2. b3 g6 3. Bb2 Bg7 4. c4 O-O 5. Nc3 d5 6. Nxd5 Nxd5 7. Bxg7 Kxg7 8. cxd5 Qxd5 9. e3 Bg4 10. Be2 Nc6 11. O-O Rad8 12. d4 e5 13. Rc1 e4 14. Nd2 Bxe2 15. Qxe2 f5 16. Rc5 Qd6 17. Rfc1 Rf7 18. Qb5 Nxd4 19. exd4 Qxd4 20. Nf1 c6 21. Qc4 Qd6 22. Qc3+ Kg8 23. Qe3 Re8 24. R5c2 a6 25. Rd2 Qe6 26. Qc3 f4 27. Rcd1 e3 28. fxe3 fxe3 29. Re2 Rf2 30. Rde1 Qe4 31. Qc4+ Qxc4 32. bxc4 Re4 33. Rxe3 Rxe3 34. Kxf2 Ra3 35. Re2 Ra4 36. Ne3 Kf7 37. Rb2 b5 38. cxb5 axb5 39. Rc2 Ra6 40. Ng4 Ke6 41. Ke2 h5 42. Nf2 Kd5 43. Nd3 Kd6 44. Nf4 1-0

[Event "65.Camp. Veneto Quarti di Finale"]
[Site "Arquà Petrarca ITA"]
[Date "2005.05.08"]
[Round "3.25"]
[White "Mocellin, Gianfranco"]
[Black "Alessi, Giovanni"]
[Result "1-0"]
[WhiteElo "1793"]
[BlackElo "1652"]
[Annotator "Gabriele Ballarin"]
[PlyCount "109"]
[EventDate "2005.05.07"]
[EventType "swiss"]
[EventRounds "6"]
[EventCountry "ITA"]

1. e4 e5 2. Bc4 Nf6 3. d3 c6 4. f4 d6 5. fxe5 dxe5 6. Nf3 Bg4 7. Bxf7+ Ke7 8. Bb3 Nbd7 9. Be3 b6 10. O-O Ke8 11. h3 Bxf3 12. Qxf3 Bc5 13. Bxc5 Nxc5 14. Nc3 b5 15. Ne2 a5 16. Qg3 Qe7 17. Rf5 Nfd7 18. Rf7 Qd6 19. Rxg7 Nxb3 20. cxb3 Rf8 21. d4 Kd8 22. Rc1 Kc7 23. Rxh7 Rae8 24. d5 c5 25. Nc3 Kb6 26. Qd3 c4 27. Qe3+ Qc5 28. Qxc5+ Nxc5 29. Rh6+ Kb7 30. Nxb5 Re7 31. Rxc4 Nd3 32. Rcc6 Ref7 33. Rb6+ Ka8 34. Ra6+ Kb8 35. Rhb6+ Rb7 36. Rxb7+ Kxb7 37. Re6 Rf2 38. Rxe5 Rxb2 39. Re7+ Kb6 40. Nc3 Rc2 41. Na4+ Ka6 42. d6 Nf4 43. d7 Rxg2+ 44. Kf1 Rd2 45. Ke1 Rd6 46. Nc5+ Kb6 47. Re8 Ng2+ 48. Kf2 Rd2+ 49. Kg3 Kc7 50. Rc8+ Kb6 51. d8=Q+ Rxd8 52. Rxd8 Ne3 53. Na4+ Kc7 54. Rd3 Nc2 55. Rc3+ 1-0

[Event "65.Camp. Veneto Quarti di Finale"]
[Site "Arquà Petrarca ITA"]
[Date "2005.05.08"]
[Round "3.26"]
[White "Reginato, Mauro"]
[Black "Nagliati, Paolo"]
[Result "0-1"]
[WhiteElo "1697"]
[BlackElo "1727"]
[Annotator "Gabriele Ballarin"]
[PlyCount "52"]
[EventDate "2005.05.07"]
[EventType "swiss"]
[EventRounds "6"]
[EventCountry "ITA"]

1. e4 d6 2. d4 Nf6 3. Bd3 g6 4. f3 e5 5. c3 Bg7 6. Be3 O-O 7. Ne2 Nbd7 8. Qd2 Re8 9. Na3 a6 10. g4 exd4 11. cxd4 c5 12. h4 cxd4 13. Nxd4 Nd5 14. h5 Nxe3 15. hxg6 Bxd4 16. gxf7+ Kxf7 17. Bc4+ Nxc4 18. Qxd4 Nde5 19. Qd5+ Be6 20. Qxb7+ Kf8 21. Rxh7 Qf6 22. Nxc4 Nxf3+ 23. Ke2 Bxc4+ 24. Ke3 d5 25. Rh8+ Qxh8 26. Kxf3 Qh3+ 0-1

[Event "65.Camp. Veneto Quarti di Finale"]
[Site "Arquà Petrarca ITA"]
[Date "2005.05.08"]
[Round "3.27"]
[White "Colusso, Enrico"]
[Black "Menin, Massimo"]
[Result "1-0"]
[WhiteElo "1727"]
[BlackElo "1589"]
[Annotator "Gabriele Ballarin"]
[PlyCount "155"]
[EventDate "2005.05.07"]
[EventType "swiss"]
[EventRounds "6"]
[EventCountry "ITA"]

1. Nf3 c5 2. d4 cxd4 3. Nxd4 e5 4. Nb5 d5 5. Qxd5 Qxd5 6. Nc7+ Kd7 7. Nxd5 Nc6 8. e3 Nge7 9. Nbc3 Nxd5 10. Nxd5 Ne7 11. e4 Nxd5 12. exd5 a6 13. g3 Bd6 14. Be3 b5 15. Bg2 Bb7 16. O-O f5 17. f4 e4 18. Rfd1 Rac8 19. Rd2 Bc5 20. Kf2 Bxe3+ 21. Kxe3 Kd6 22. Rad1 Rc5 23. Bf1 Rhc8 24. c3 Rxd5 25. Rd4 Ke6 26. R1d2 g6 27. c4 Rxd4 28. Rxd4 bxc4 29. Bxc4+ Ke7 30. b4 Rc7 31. Kd2 Bc8 32. Bg8 Kf6 33. Bc4 Be6 34. Bxa6 Bxa2 35. b5 Ke7 36. Ke3 Rd7 37. b6 Rxd4 38. Kxd4 Kd7 39. Kc5 Bb1 40. Bb5+ Kc8 41. Ba6+ Kb8 42. Kd4 Bc2 43. Kc3 Ba4 44. Bc4 Kb7 45. Bg8 h6 46. Bf7 g5 47. Be6 gxf4 48. gxf4 Kxb6 49. Bxf5 Bc6 50. Kd4 e3 51. Kxe3 Kc7 52. Kf2 Kd6 53. Kg3 Ke7 54. Kg4 Kf6 55. Bc8 Be4 56. Kh5 Kg7 57. Kg4 Kf6 58. Kh4 Kg7 59. Kg4 Kf6 60. Ba6 Bf5+ 61. Kg3 Bb1 62. Be2 Bh7 63. Bg4 Bb1 64. Kh4 Kg7 65. Bc8 Bc2 66. Kg4 Bd1+ 67. Kf5 Bc2+ 68. Ke5 h5 69. f5 Kf7 70. Be6+ Ke7 71. f6+ Kf8 72. Kf4 Bd1 73. h4 Be2 74. Kg5 Bd1 75. Bf5 Bg4 76. Bxg4 hxg4 77. Kxg4 Kf7 78. Kg5 1-0

[Event "65.Camp. Veneto Quarti di Finale"]
[Site "Arquà Petrarca ITA"]
[Date "2005.05.08"]
[Round "3.28"]
[White "De Vries, Bernhard"]
[Black "Valerio, Gianluca"]
[Result "1-0"]
[WhiteElo "1592"]
[BlackElo "1718"]
[Annotator "Gabriele Ballarin"]
[PlyCount "67"]
[EventDate "2005.05.07"]
[EventType "swiss"]
[EventRounds "6"]
[EventCountry "ITA"]

1. d4 g6 2. c4 Bg7 3. Nc3 d6 4. Nf3 c6 5. e4 Qc7 6. Be3 Nf6 7. Rc1 e5 8. d5 c5 9. Be2 O-O 10. O-O Bd7 11. a4 Na6 12. Nd2 Ne8 13. f4 f5 14. fxe5 Bxe5 15. Nf3 f4 16. Nxe5 dxe5 17. Bf2 Nd6 18. Nb5 Qb6 19. Bf3 Nb4 20. Be1 Bxb5 21. axb5 Rac8 22. Bg4 Rc7 23. Be6+ Kg7 24. Qe2 Kf6 25. g3 g5 26. gxf4 gxf4 27. Bh4+ Kg7 28. Kh1 Kh8 29. b3 Rg7 30. Rg1 Qc7 31. Qf3 b6 32. Rxg7 Qxg7 33. Rg1 Qc7 34. Bf6+ 1-0

[Event "65.Camp. Veneto Quarti di Finale"]
[Site "Arquà Petrarca ITA"]
[Date "2005.05.14"]
[Round "4.1"]
[White "Rossi, Carlo"]
[Black "Luciani, Valerio"]
[Result "1-0"]
[WhiteElo "2375"]
[BlackElo "2241"]
[Annotator "Gabriele Ballarin"]
[PlyCount "57"]
[EventDate "2005.05.07"]
[EventType "swiss"]
[EventRounds "6"]
[EventCountry "ITA"]

1. e4 e6 2. d4 d5 3. Nc3 Bb4 4. e5 c5 5. a3 Bxc3+ 6. bxc3 Ne7 7. dxc5 Qc7 8. Nf3 Nd7 9. Bb5 Qxc5 10. a4 a6 11. Bxd7+ Bxd7 12. O-O Ng6 13. Ba3 Qxc3 14. Qb1 Bc6 15. Re1 Qc4 16. Qb6 Rc8 17. Nd4 Bd7 18. Bd6 Ne7 19. Rab1 Nc6 20. Nxc6 Bxc6 21. Qa7 Rd8 22. Rb4 Qc3 23. Reb1 f6 24. h4 Rxd6 25. exd6 Kd7 26. Rxb7+ Kxd6 27. Rxg7 Bxa4 28. Qe7+ Ke5 29. Rg5+ 1-0

[Event "65.Camp. Veneto Quarti di Finale"]
[Site "Arquà Petrarca ITA"]
[Date "2005.05.14"]
[Round "4.2"]
[White "Giuriati, Paolo"]
[Black "Cacco, Cristian"]
[Result "1-0"]
[WhiteElo "2197"]
[BlackElo "2300"]
[Annotator "Gabriele Ballarin"]
[PlyCount "75"]
[EventDate "2005.05.07"]
[EventType "swiss"]
[EventRounds "6"]
[EventCountry "ITA"]

1. Nf3 g6 2. c4 Bg7 3. Nc3 c5 4. g3 Nc6 5. Bg2 a6 6. O-O Rb8 7. e3 b5 8. cxb5 axb5 9. d4 cxd4 10. exd4 Nf6 11. d5 Na5 12. d6 e6 13. b4 Nc4 14. Nd4 Ba6 15. a4 O-O 16. Ndxb5 Ne8 17. Rb1 Nexd6 18. Nxd6 Nxd6 19. b5 Bxc3 20. Qxd6 Bb7 21. Bf4 Bxg2 22. Kxg2 Rb7 23. Rfc1 Qa8 24. Kg1 Rc8 25. Bd2 Bg7 26. Rxc8+ Qxc8 27. a5 Bf8 28. Qd3 Bc5 29. a6 Rb8 30. Rc1 d6 31. Be3 Qc7 32. Bxc5 dxc5 33. Qc4 Qa5 34. Rb1 Qb6 35. Qa4 Kf8 36. Ra1 Ke8 37. Qa5 Qa7 38. b6 1-0

[Event "65.Camp. Veneto Quarti di Finale"]
[Site "Arquà Petrarca ITA"]
[Date "2005.05.14"]
[Round "4.3"]
[White "Rossato, Armando"]
[Black "Castellano, Alfonso"]
[Result "1-0"]
[WhiteElo "2079"]
[BlackElo "1913"]
[Annotator "Gabriele Ballarin"]
[PlyCount "99"]
[EventDate "2005.05.07"]
[EventType "swiss"]
[EventRounds "6"]
[EventCountry "ITA"]

1. d4 Nf6 2. Nf3 d5 3. e3 e6 4. Bd3 c5 5. b3 Nc6 6. Bb2 Be7 7. Nbd2 b6 8. O-O O-O 9. Ne5 Bb7 10. f4 Nd7 11. Nxd7 Qxd7 12. f5 Bf6 13. Nf3 Qc7 14. c4 Rad8 15. cxd5 exd5 16. Rc1 Rfe8 17. Qd2 Qb8 18. Rfe1 cxd4 19. exd4 Rxe1+ 20. Rxe1 Re8 21. g3 Re7 22. Rxe7 Bxe7 23. Ne5 f6 24. Nf3 Qd6 25. Qe3 Bc8 26. Ne1 Bd7 27. Ng2 Nd8 28. Nf4 Bf8 29. Nxd5 Kh8 30. Nf4 Bc6 31. Bc4 b5 32. Be6 Qb4 33. g4 Be8 34. a3 Qd6 35. b4 Nc6 36. Nd3 Qc7 37. d5 Nd8 38. Nc5 Bd6 39. h3 a5 40. Bd4 axb4 41. axb4 Nf7 42. Ne4 Be5 43. Bc5 Nd6 44. Nxd6 Bxd6 45. Kg2 g5 46. Bxd6 Qxd6 47. Qc5 Qxc5 48. bxc5 b4 49. d6 Ba4 50. d7 1-0